000
00332nam a2200133Ia 4500
008
151001s9999||||xx |||||||||||||| ||und||
100
_a
को वि. ओक
245
_a
जादूचा कोट
250
_a
1
260
_b
गुरु प्रकाशन
260
_c
1991
300
_a
64
365
_b
18
999
_c
967787
_d
967784